A Complex Relationship: Intimate Partner Violence, Identification With the Aggressor, and Guilt
This study explored the relation between guilt and identification with the aggressor (IWA) and the moderating role of IWA in the relation between intimate partner violence (IPV) and guilt. An online survey was conducted among a convenience sample of 700 women. IPV survivors demonstrated elevated gui...
| Autores principales: | ; ; |
|---|---|
| Tipo de documento: | Electrónico Artículo |
| Lenguaje: | Inglés |
| Publicado: |
2024
|
| En: |
Violence against women
Año: 2024, Volumen: 30, Número: 2, Páginas: 445-459 |
| Acceso en línea: |
Volltext (lizenzpflichtig) |
| Verificar disponibilidad: | HBZ Gateway |
| Palabras clave: |
MARC
| LEADER | 00000caa a22000002c 4500 | ||
|---|---|---|---|
| 001 | 1878572512 | ||
| 003 | DE-627 | ||
| 005 | 20250111054913.0 | ||
| 007 | cr uuu---uuuuu | ||
| 008 | 240121s2024 xx |||||o 00| ||eng c | ||
| 024 | 7 | |a 10.1177/10778012221137917 |2 doi | |
| 035 | |a (DE-627)1878572512 | ||
| 035 | |a (DE-599)KXP1878572512 | ||
| 040 | |a DE-627 |b ger |c DE-627 |e rda | ||
| 041 | |a eng | ||
| 084 | |a 2,1 |2 ssgn | ||
| 100 | 1 | |a Siegel, Alana |e VerfasserIn |4 aut | |
| 245 | 1 | 2 | |a A Complex Relationship: Intimate Partner Violence, Identification With the Aggressor, and Guilt |
| 264 | 1 | |c 2024 | |
| 336 | |a Text |b txt |2 rdacontent | ||
| 337 | |a Computermedien |b c |2 rdamedia | ||
| 338 | |a Online-Ressource |b cr |2 rdacarrier | ||
| 520 | |a This study explored the relation between guilt and identification with the aggressor (IWA) and the moderating role of IWA in the relation between intimate partner violence (IPV) and guilt. An online survey was conducted among a convenience sample of 700 women. IPV survivors demonstrated elevated guilt, and IWA was related to guilt. Furthermore, IWA moderated the relation between IPV and guilt: Among participants with low IWA levels, IPV was unrelated to guilt, but among participants with high IWA levels, IPV was related to guilt. These findings suggest that IWA may be a key element in explaining guilt among IPV survivors. | ||
| 650 | 4 | |a Depression | |
| 650 | 4 | |a Abuse | |
| 650 | 4 | |a Guilt | |
| 650 | 4 | |a identification with the aggressor | |
| 650 | 4 | |a Intimate Partner Violence | |
| 700 | 1 | |a Shaked, Elit |e VerfasserIn |4 aut | |
| 700 | 1 | |a Lahav, Yael |e VerfasserIn |4 aut | |
| 773 | 0 | 8 | |i Enthalten in |t Violence against women |d London [u.a.] : Sage, 1995 |g 30(2024), 2, Seite 445-459 |h Online-Ressource |w (DE-627)324827695 |w (DE-600)2031375-5 |w (DE-576)27681732X |x 1552-8448 |7 nnas |
| 773 | 1 | 8 | |g volume:30 |g year:2024 |g number:2 |g pages:445-459 |
| 856 | 4 | 0 | |u https://doi.org/10.1177/10778012221137917 |x Resolving-System |z lizenzpflichtig |3 Volltext |7 1 |
| 935 | |a mkri | ||
| 951 | |a AR | ||
| ELC | |a 1 | ||
| LOK | |0 000 xxxxxcx a22 zn 4500 | ||
| LOK | |0 001 4464549314 | ||
| LOK | |0 003 DE-627 | ||
| LOK | |0 004 1878572512 | ||
| LOK | |0 005 20240121043606 | ||
| LOK | |0 008 240121||||||||||||||||ger||||||| | ||
| LOK | |0 035 |a (DE-2619)KrimDok#2024-01-20#7392E457E5853D7C1F3CEA9A308CA07A74C62519 | ||
| LOK | |0 040 |a DE-2619 |c DE-627 |d DE-2619 | ||
| LOK | |0 092 |o n | ||
| LOK | |0 852 |a DE-2619 | ||
| LOK | |0 852 1 |9 00 | ||
| LOK | |0 935 |a zota | ||
| LOK | |0 939 |a 21-01-24 |b l01 | ||
| ORI | |a SA-MARC-krimdoka001.raw | ||
